| Tag |
First Indicator |
Second Indicator |
Subfields |
| LEADER |
00000cas a2200000 a 4500 |
| 001 |
in00002355893 |
| 005 |
20151108061726.0 |
| 006 |
m o d |
| 007 |
cr ||||||||||| |
| 008 |
060405c20079999njuqr pso 0 a0eng c |
| 010 |
|
|
|a 2006213909
|
| 016 |
7 |
|
|a 2391001-X
|2 DE-600
|
| 016 |
7 |
|
|a 985956232
|2 DE-101
|
| 016 |
7 |
|
|a 013765390
|2 Uk
|
| 022 |
0 |
|
|a 1931-2466
|l 1931-2458
|y 1931-2458
|2 1
|
| 029 |
1 |
|
|a OCLCS
|b OP-33904
|
| 029 |
1 |
|
|a AU@
|b 000040190184
|
| 029 |
1 |
|
|a AU@
|b 000040190820
|
| 029 |
1 |
|
|a AU@
|b 000043819148
|
| 029 |
1 |
|
|a AU@
|b 000044058274
|
| 029 |
1 |
|
|a HEBIS
|b 191206164
|
| 029 |
1 |
|
|a DEBBG
|b BV022871069
|
| 029 |
1 |
|
|a AU@
|b 000045738620
|
| 029 |
1 |
|
|a GWDNB
|b 985956232
|
| 029 |
1 |
|
|a NZ1
|b 14142967
|
| 029 |
1 |
|
|a GBVCP
|b 546895611
|
| 035 |
|
|
|a (OCoLC)ocm65519004
|
| 035 |
|
|
|a (OCoLC)65519004
|
| 037 |
|
|
|b Taylor & Francis Group, LLC., 325 Chesnut Street, Philadelphia, PA., 19106
|
| 040 |
|
|
|a NSD
|b eng
|c NSD
|d NSD
|d DLC
|d SYB
|d KSU
|d U9S
|d OCLCQ
|d HEBIS
|d DEBBG
|d GWDNB
|d GPM
|d UKMGB
|d OCLCQ
|d GBVCP
|d OCLCQ
|d OCLCF
|d TXA
|d UtOrBLW
|
| 042 |
|
|
|a pcc
|a nsdp
|
| 049 |
|
|
|a TXAM
|
| 050 |
1 |
4 |
|a P91.3
|b .C66 Electronic
|
| 082 |
1 |
0 |
|a 302
|2 14
|
| 130 |
0 |
|
|a Communication methods and measures (Online)
|
| 222 |
|
0 |
|a Communication methods and measures
|b (Online)
|
| 245 |
1 |
0 |
|a Communication methods and measures.
|
| 246 |
1 |
|
|a CMM
|
| 264 |
|
1 |
|3 2007:
|a [Mahwah, NJ] :
|b Lawrence Erlbaum Associates.
|
| 264 |
3 |
1 |
|3 2008- :
|a [Philadelphia, PA] :
|b Taylor & Francis Group,
|c ©2007-
|
| 310 |
|
|
|a Quarterly
|
| 336 |
|
|
|a text
|b txt
|2 rdacontent
|
| 337 |
|
|
|a computer
|b c
|2 rdamedia
|
| 338 |
|
|
|a online resource
|b cr
|2 rdacarrier
|
| 362 |
1 |
|
|a Began with: Vol. 1, issue 1 (2007).
|
| 515 |
|
|
|a Some numbers issued in combined form.
|
| 588 |
|
|
|a Description based on: Vol. 1, issue 1 (2007); title from PDF article header (tandfonline, viewed July 15, 2014).
|
| 588 |
|
|
|a Latest issue consulted: Vol. 8, issue 2 (2014) (tandfonline, viewed July 15, 2014).
|
| 500 |
|
|
|a Electronic resource.
|
| 650 |
|
0 |
|a Communication
|x Methodology
|v Periodicals.
|
| 650 |
|
0 |
|a Communication
|x Research
|v Periodicals.
|
| 650 |
|
0 |
|a Communication
|x Study and teaching
|v Periodicals.
|
| 650 |
|
6 |
|a Communication
|x Méthodologie
|v Périodiques.
|
| 650 |
|
6 |
|a Communication
|x Recherche
|v Périodiques.
|
| 650 |
|
6 |
|a Communication
|x Étude et enseignement
|v Périodiques.
|
| 650 |
|
7 |
|a Communication
|x Methodology.
|2 fast
|0 (OCoLC)fst00869976
|
| 650 |
|
7 |
|a Communication
|x Research.
|2 fast
|0 (OCoLC)fst00870003
|
| 650 |
|
7 |
|a Communication
|x Study and teaching.
|2 fast
|0 (OCoLC)fst00870017
|
| 655 |
|
7 |
|a Periodicals.
|2 fast
|0 (OCoLC)fst01411641
|
| 776 |
0 |
8 |
|i Print version:
|t Communication methods and measures
|x 1931-2458
|w (DLC) 2006213908
|w (OCoLC)65518972
|
| 949 |
|
|
|a updated
|b h
|c 2014/7/15
|e spoltoratski
|f 5:11:28 pm
|
| 994 |
|
|
|a C0
|b TXA
|
| 999 |
|
|
|a MARS
|
| 999 |
f |
f |
|s 4a8fb0fe-5234-34ff-ae04-35db6ef68e72
|i 9ae73c8a-f293-3d8b-a560-58398e75392f
|t 0
|
| 952 |
f |
f |
|a Texas A&M University
|b College Station
|c Electronic Resources
|d Available Online
|t 0
|e P91.3 .C66
|g Electronic
|h Library of Congress classification
|
| 998 |
f |
f |
|a P91.3 .C66
|t 0
|l Available Online
|